NHL Most Goals In One Season - Statistics

General Stats
  • This quiz has been taken 712 times
  • The average score is 19 of 25
Answer Stats
No. of Goals Year Player % Correct
92 1981-82 Wayne Gretzky
100%
87 1983-84 Wayne Gretzky
100%
73 1984-85 Wayne Gretzky
100%
71 1982-83 Wayne Gretzky
100%
85 1988-89 Mario Lemieux
92%
70 1987-88 Mario Lemieux
92%
69 1995-96 Mario Lemieux
92%
69 1992-93 Mario Lemieux
92%
65 2007-08 Alexander Ovechkin
87%
76 1992-93 Teemu Selanne
82%
86 1990-91 Brett Hull
81%
72 1989-90 Brett Hull
81%
70 1991-92 Brett Hull
81%
76 1970-71 Phil Esposito
71%
68 1973-74 Phil Esposito
71%
66 1971-72 Phil Esposito
71%
69 1978-79 Mike Bossy
68%
68 1980-81 Mike Bossy
68%
64 1981-82 Mike Bossy
68%
71 1984-85 Jari Kurri
65%
68 1985-86 Jari Kurri
65%
65 1988-89 Steve Yzerman
58%
76 1992-93 Alexander Mogilny
50%
70 1988-89 Bernie Nicholls
33%
66 1982-83 Lanny McDonald
29%
No matching quizzes found
Score Distribution
Percent of People with Each Score
Percentile by Number Answered
Your Score History
You have not taken this quiz